Johtajista käytettyjä sanoja - Statistics

Yleistilastot
  • Tätä visaa on pelattu 1 557 kertaa
  • Keskiarvotulos 11 / 22
Vastaustilastot
Ryhmä Johtaja % Oikein
Yhdysvallat Presidentti
98%
katolinen kirkko Paavi
95%
laiva Kapteeni
81%
Saksa ja Itävalta ennen vuotta 1918 Keisari
80%
muinainen Egypti Faarao
79%
Venäjä ennen vuotta 1918 Tsaari
72%
nykyinen Saksa Liittokansleri
71%
parlamentaarinen valtio Pääministeri
65%
natsi-Saksa Führer
58%
Yhdysvaltain osavaltio Kuvernööri
57%
hiippakunta Piispa
56%
johtokunta tai hallitus Puheenjohtaja
52%
Mongolia Kaani
35%
ortodoksinen kirkko Patriarkka
31%
Osmanien valtakunta Sulttaani
30%
fasistinen Italia Duce
28%
Iran ennen vuotta 1979 Šaahi
28%
keskiaikainen Venetsia ja Genova Doge
16%
Japani (sotilaallinen johtaja) ennen vuotta 1867 Shogun
16%
sotilaallinen valtionjohto Sotilasjuntta
16%
intialainen hindukuningaskunta Maharadža
10%
Rooman tasavalta Konsuli
9%
Ehtoja vastaavia visoja ei löytynyt
Tulosjakauma
Jokaisen tuloksen saaneiden osuus
Persentiili vastausten määrän mukaan
Tuloshistoriasi
Et ole pelannut tätä visaa